00511nam a2200181 a 450000100060000000300090000600800410001502000150005604000280007108200190009910000310011824500330014926000300018230000110021249000210022365000560024465000290030015173CO-ViMGA141112s2004 ck r 000 u spa d a9586903982 aCO-ViMGAbspacCO-ViMGA04a352.20986 C6561 aRuiz Salazar, Jose Armando10aCódigo Nacional de Policia aBogotá, cLeyer, c2002 a511.p. aCódigos Brevis14aCODIGO NACIONAL DE POLICIA - LEGISLACION - COLOMBIA14aDERECHO PENAL - COLOMBIA